zpět

Detail výsledku týmu

Koupák, Neratovice

Datum a čas kvízu

24 Celkem bodů Celkový počet nahraných bodů na tomto kvízu bez doplňovacích otázek.
6. Pořadí na kvízu Konečné umístění týmu na tomto kvízu.

Zaznamenané odpovědi

# Otázka Odpověď Body Výsledky
1. Jak se jmenuje tato 26letá mod... Veronika „Veve“ Přikrylová 1
2. Jak se nazývá město, které min... Anchorage 1
3. Nejvyšší soud v Jižní Koreji m... Baby Shark 1
4. Vedení McDonald's v jedné zemi... Japonsko; Pokémon 0
5. Vítěz aktuálního ročníku Ligy... Paris Saint-Germain FC; Gianluigi Donnarumma 0
6. Hned v první otázce se zaměřím... 1D 2C 3A 4B 0
7. Jedním ze specifik prezidentsk... A 0
8. Který z těchto výroků o prezid... B 0
9. NW Präsident byl v roce 1897 p... Tatra, Kopřivnice 0
10. Která zpěvačka nahrála skladbu... Pink 0